Responses for Show #4533 - Wednesday, April 28, 2004

Contestants

[<< previous game]

Teresa McGervey, a technical information specialist from Alexandria, Virginia

Dave Stern, an accountant from Columbus, Ohio

Frank Dempsey, a government attorney from Bagdad, Kentucky (whose 1-day cash winnings total $29,100)

[next game >>]

Jeopardy! Round responses

EARTH SCIENCE
TV GUIDE SAYS
JUMP
MORE THINGS THAT HAPPENED
FOOD IN SPANISH
STUPID ANSWERS
(Alex: We have a group of students from New Jersey in our audience today; they're going to love that category!)
    $200 7
ore

Frank
    $200 2
The West Wing

Frank
    $200 21
bail

Dave
    $200 1
Bastille Day

Dave
    $200 26
orange

Dave
    $200 12
the crossword puzzle

Teresa
    $400 8
(Frank: What is Asia?)

Africa

FrankDave
    $400 3
Frasier

Dave
    $400 22
Mexican jumping beans

Dave
    $400 17
(Martin) Luther

Frank
    $400 27
milk

Dave
    $400 13
paper folding

Frank
    $600 9
natural gas

Dave
    $600 4
The Sopranos

Dave
    $600 23
the Wright Brothers

Dave
    $600 18
Florence

Frank
    $600 28
cheese

Frank
    $600 14
parliament

Dave
    $100 10
the epicenter

Dave
    $800 5
CSI

Triple Stumper
    $800 24
an electron

Dave
    $800 19
the Mayflower

Dave
    $800 29
ham

Frank
    $800 15
People

Frank
    $1000 11
(Teresa: What are [**]?)
(Alex: We'll accept that.)

skeletons (or shells)

Teresa
    $1000 6
(Dave: What is Smallsville?)

Smallville

FrankDave
    $1000 25
(Dave: What is an Axel?)
....
(Alex: We have a minute left.)

Lutz

FrankDave
    $1000 20
terracotta

Frank
    $1000 30
bread & butter

Frank
    $1000 16
(Alex: Boy, you guys are sharp with STUPID ANSWERS; I could never do well in that category!)

Mrs. Dalloway

Dave

Scores at the first commercial break (after clue 16):

Frank Dave Teresa
$2,200 $2,900 $1,200

Scores at the end of the Jeopardy! Round:

Frank Dave Teresa
$7,600 $5,300 $1,200

Double Jeopardy! Round responses

MILITARY MEN
ELTON JOHN SONGS
POETIC JUSTICE
FURNITURE
"W"RITERS
ACRONYMBLE
    $400 1
Pearl Harbor

Dave
    $400 6
"Candle In The Wind"

Dave
    $400 21
the foreman

Teresa
    $400 26
ottoman

Teresa
    $400 11
Oscar Wilde

Dave
    $400 16
gross national product

Dave
    $800 2
most

Dave
    $800 7
"Bennie And The Jets"

Dave
    $800 22
the parole board

Dave
    $800 30
(Frank: What is Chips?)

Chippendale

Frank
Triple Stumper
    $800 12
Walt Whitman

Frank
    $800 17
English as a second language

Frank
    $1200 3
the Flying Tigers

Dave
    $1200 8
"Crocodile Rock"

Frank
    $1200 23
the penalty phase

Dave
    $1200 29
rocking chair

Triple Stumper
    $1200 13
E.B. White

Frank
    $1200 18
disk operating system

Dave
    $100 4
George Patton

Dave
    $1600 9
"Saturday Night's Alright (For Fighting)"

Dave
    $1600 24
tort

Dave
    $1600 28
Beau Brummell

Frank
    $1600 14
Elie Wiesel

Dave
    $1600 19
World Health Organization

Teresa
    $2000 5
(Dave: Who is Kosciusko?)

Casimir Pulaski

Dave
Triple Stumper
    $2000 10
"Don't Let The Sun Go Down On Me"

Dave
    $2000 25
habeas corpus

Teresa
    $5,500 27
(Teresa: I probably know the answer and I can't think of it!)

Duncan Phyfe

Teresa
    $2000 15
Richard Wright

Dave
    $2000 20
(Alex: You beat Teresa to that one there; faster on the button!)

Department of Defense

Dave

Scores at the end of the Double Jeopardy! Round:

Frank Dave Teresa
$12,400 $21,800 $100

[wagering suggestions for these scores]

Final Jeopardy! Round responses

'80s FILMS
(Alex: The film was [*]; a group of American young people fighting off a Soviet invasion; it was also the name of the mission that captured Saddam Hussein.)
[ERRATUM: The Flamingo Kid was the first film to receive a PG-13 rating, but it was shelved for five months, making [*] the first film released with that rating.]
TeresaWhat is Hunt for Red October
$100
FrankWhat is The Color Purple?
$12,100
DaveWhat is
$3,000
Red Dawn

Final scores:

Frank Dave Teresa
$300 $18,800 $0
2nd place: $2,000 New champion: $18,800 3rd place: $1,000

Game dynamics:

Coryat scores:

Frank Dave Teresa
$12,400 $24,000 $5,600
17 R,
2 W
32 R
(including 2 DDs),
3 W
6 R,
1 W
(including 1 DD)

Combined Coryat: $42,000

[game clues] [game scores] [suggest correction]

Game tape date: 2004-02-04
The J! Archive is created by fans, for fans. Scraping, republication, monetization, and malicious use prohibited; this site may use cookies and collect identifying information. See terms. The Jeopardy! game show and all elements thereof, including but not limited to copyright and trademark thereto, are the property of Jeopardy Productions, Inc. and are protected under law. This website is not affiliated with, sponsored by, or operated by Jeopardy Productions, Inc. Join the discussion at JBoard.tv.